000 01616cam a2200361 i 4500
999 _c3860
_d3860
001 431873
003 OSt
005 20241112104548.0
008 240717t20172016enka j 000 f eng d
020 _a9781035033454
_q(pbk.) :
035 _a(OCoLC)1026388705
040 _a臺東縣政府文化處
_beng
_c臺東縣政府文化處
_eAACR2
_dKH8
041 0 _aeng
042 _anbic
082 0 _a823.92 GRI
100 1 _aGriffiths, Andy,
_d1961-
_eaut.
245 1 4 _aThe 78-story treehouse /
_cby Andy Griffiths & Terry Denton.
260 _aLondon :
_bMacmillan Children's Books,
_c2017, c2016.
300 _a375 p. :
_bill. ;
_c20 cm.
500 _a"Originally published as The 78-Storey Treehouse in Australia by Pan Macmillan Australia Pty Ltd. in 2016"--T.p. verso.
505 0 _aThe 78-story treehouse -- Treehouse: The Movie -- Spin, spin, spin -- Scribble, scribble, scribble -- Day of the living puddle -- Trouble in Andyland -- Cowduggery! -- My Autobiography of My Life by Me (and Not Terry) -- The chip thief -- Andy vesus Terry -- Big-shot movie stars -- Cowhouse: The Mooo-vie -- The last chapter.
520 _aAndy and Terry must get past their differences to save their story ideas from a herd of spy cows.
650 0 _aTree houses
_vJuvenile fiction.
650 0 _aImagination
_vJuvenile fiction.
650 0 _aAuthors
_vJuvenile fiction.
650 0 _aIllustrators
_vJuvenile fiction.
650 1 _aTree houses
_vFiction.
650 1 _aImagination
_vFiction.
650 1 _aAuthors
_vFiction.
650 1 _aIllustrators
_vFiction.
700 1 _aDenton, Terry,
_eill.
942 _2ddc
_cFIC